000
00333nam a2200145Ia 4500
008
151213s9999 xx 000 0 und d
100
_a
S.L.Khanna
245
_a
Comparative Law
_c
S.L.Khanna
260
_a
India
_b
Contract Law Agency
300
_a
5156 p.
650
_a
Law
650
_a
Law
700
_a
S.L.Khanna
999
_c
3184
_d
3184